A tabuszavak hatása a kognitív teljesítményre az impulzivitás függvényében
Elmentve itt :
| Szerző: | |
|---|---|
| További közreműködők: | |
| Dokumentumtípus: | Szakdolgozat |
| Megjelent: |
2019
|
| Kulcsszavak: | tabuszó arousal impulzivitás lexikális döntés reakcióidő |
| Tárgyszavak: | |
| Online Access: | http://diploma.bibl.u-szeged.hu/87508 |
| LEADER | 00878nta a2200241 i 4500 | ||
|---|---|---|---|
| 001 | dipl87508 | ||
| 005 | 20200611124343.0 | ||
| 008 | 200611s2019 hu om 0|| zxx d | ||
| 040 | |a SZTE Diploma Repozitórium |b hun | ||
| 041 | |a zxx | ||
| 100 | 1 | |a Njers Sanela | |
| 245 | 1 | 2 | |a A tabuszavak hatása a kognitív teljesítményre az impulzivitás függvényében |h [elektronikus dokumentum] / |c Sanela Njers |
| 246 | 1 | 0 | |a The effect of taboo words on cognitive performance in connection with impulsivity |h [elektronikus dokumentum] |
| 260 | |c 2019 | ||
| 650 | 4 | |a Társadalomtudomány | |
| 650 | 4 | |a Psychology | |
| 695 | |a tabuszó | ||
| 695 | |a arousal | ||
| 695 | |a impulzivitás | ||
| 695 | |a lexikális döntés | ||
| 695 | |a reakcióidő | ||
| 700 | 2 | |a Szegedi-Hallgató Emese |e ths | |
| 856 | 4 | 0 | |u http://diploma.bibl.u-szeged.hu/id/eprint/87508/1/2019_njers_sanela.pdf |z Dokumentum-elérés |